Acceso a Justica Federal: dez anos de juizados especiais
Guardat en:
| Autor corporatiu: | |
|---|---|
| Format: | Llibre |
| Idioma: | portuguès |
| Publicat: |
Brasilia
Conselho da Justica Federal
2012
|
| Col·lecció: | Pesquisas do CEJ, 14
|
| Matèries: | |
| Etiquetes: |
Afegir etiqueta
Sense etiquetes, Sigues el primer a etiquetar aquest registre!
|
MARC
| LEADER | 00000cam a2200000 a 4500 | ||
|---|---|---|---|
| 001 | UCF6821 | ||
| 003 | CL-VaPUC | ||
| 008 | 130524e20120000BL |||||||||||||||||por|d | ||
| 020 | |a 9788585572983 | ||
| 082 | 0 | 4 | |a 347.9193 |b CON |2 21 |
| 110 | 2 | |a Conselho da Justica Federal |e author |9 568801 | |
| 245 | 1 | 0 | |a Acceso a Justica Federal: dez anos de juizados especiais |
| 300 | |a 228 p | ||
| 942 | |c BK | ||
| 945 | |d 20130524 00:00:00 |a dcastane | ||
| 260 | |a Brasilia |b Conselho da Justica Federal |c 2012 | ||
| 650 | 0 | |a Procedimiento civil |9 254870 | |
| 650 | 0 | |a Tribunales civiles |9 519253 | |
| 651 | 0 | |a Brasil |9 267393 | |
| 583 | |a last modification |c 20130524 08:39:00 |k Rodrigo Vera | ||
| 490 | 0 | |a Pesquisas do CEJ, 14 | |
| 999 | |c 351876 |d 351874 | ||
| 952 | |0 0 |1 0 |4 0 |6 347_919300000000000_CON_2012 |7 0 |8 A |9 456273 |a BIBDER |b BIBDER |d 2019-11-22 |i 4972538 |o 347.9193 CON 2012 |p 4972538 |r 2023-01-25 |w 2019-11-22 |y BK |k DER | ||